[Event "Delft Prinsenstad op-C"]
[Site "Delft"]
[Date "2010.04.03"]
[Round "4"]
[White "Arkesteijn, Jaco"]
[Black "Von Meijenfeldt, Chiel"]
[Result "0-1"]
[WhiteElo "1554"]
[BlackElo "1675"]
[PlyCount "69"]
[EventDate "2010.04.02"]
[EventType "swiss"]
[EventRounds "6"]
[EventCountry "NED"]
[SourceTitle "EXT 2013"]
[Source "ChessBase"]
[SourceDate "2012.11.22"]
[SourceVersion "1"]
[SourceVersionDate "2012.11.22"]
[SourceQuality "1"]

1. d4 f5 2. c4 Nf6 3. Nc3 e6 4. g3 c6 5. Bg2 d5 6. cxd5 exd5 7. Bg5 Bd6 8. Bh3 0-0 9. Qc2 Qe8 10. Nf3 Ne4 11. Be3 Nd7 12. Nd2 Ndf6 13. 0-0-0 Qh5 14. Ndxe4 fxe4 15. Bxc8 Raxc8 16. Rdf1 c5 17. Qb3 b6 18. Kb1 c4 19. Qc2 Qe8 20. Bf4 Be7 21. f3 Bb4 22. e3 Bxc3 23. Qxc3 exf3 24. Ka1 Ne4 25. Qc2 f2 26. g4 g5 27. Bg3 Qf7 28. Bxf2 Nxf2 29. Rhg1 Rc6 30. Rg2 Rf6 31. a3 Nd3 32. Rxf6 Qxf6 33. h4 Qf1+ 34. Ka2 Nc1+ 35. Ka1 0-1